000 00560nam a2200169 4500
001 107016
003 ES-MaACL
005 20230906184329.0
007 t|
008 061121s1975 sp r ||||1| spa d
100 1 _aMoral Ruiz, Joaquín del.
_9138844
245 1 0 _aHacienda y sociedad en el Trienio Constitucional (1820-1823) /
_cJoaquín del Moral Ruiz.
260 _aMadrid :
_bInstituto de Estudios Fiscales,
_c1975.
300 _a307 p. ;
_c19 cm.
710 2 _aInstituto de Estudios Fiscales (España)
_9169207
852 _aES-MaACL
_jL-1083
_bR.101550
999 _c107016
_d107016